Doanh nghiệp nhỏ quản lí tài chính cá nhân

Sách viết ngắn gọn về cách quản lí tài chính của một doanh nghiệp nhỏ

Gespeichert in:
Bibliographische Detailangaben
1. Verfasser: ĐỖ LONG HẠNH
Format: Buch
Sprache:Undetermined
Veröffentlicht: Tp.HCM. Nxb. Tp. HCM. 2000
Schlagworte:
Tags: Tag hinzufügen
Keine Tags, Fügen Sie den ersten Tag hinzu!
Thư viện lưu trữ: Trung tâm Học liệu Trường Đại học Cần Thơ
LEADER 00605nam a2200181Ia 4500
001 CTU_46924
008 210402s9999 xx 000 0 und d
082 |a 658 
082 |b H107/2000 
100 |a ĐỖ LONG HẠNH 
245 0 |a Doanh nghiệp nhỏ quản lí tài chính cá nhân 
245 0 |c ĐỖ LONG HẠNH 
260 |a Tp.HCM. 
260 |b Nxb. Tp. HCM. 
260 |c 2000 
520 |a Sách viết ngắn gọn về cách quản lí tài chính của một doanh nghiệp nhỏ 
650 |a management 
980 |a Trung tâm Học liệu Trường Đại học Cần Thơ